[Event "Gerunda op 3rd"]
[Site "Gerunda"]
[Date "2018.05.04"]
[Round "5"]
[White "Alejo Alvarez, Ricardo"]
[Black "Mccullough Figueras, Paul"]
[Result "1-0"]
[WhiteElo "1960"]
[BlackElo "1795"]
[PlyCount "29"]
[EventDate "2018.04.06"]
[EventType "swiss"]
[EventRounds "9"]
[EventCountry "ESP"]
[SourceTitle "CBM 184 Extra"]
[Source "ChessBase"]
[SourceDate "2018.06.28"]
[SourceVersion "1"]
[SourceVersionDate "2018.06.28"]
[SourceQuality "1"]

1. Nf3 Nf6 2. b3 d5 3. Bb2 c5 4. e3 Bg4 5. h3 Bh5 6. Bb5+ Nbd7 7. g4 Nxg4 8. hxg4 Bxg4 9. Be2 f6 10. Nh4 Bxe2 11. Qxe2 h5 12. Qd3 Ne5 13. Bxe5 fxe5 14. Ng6 Rh6 15. Qf5 1-0